| 000 | 01038na a2200325 4500 | ||
|---|---|---|---|
| 001 | 17798 | ||
| 003 | MIRAKIL | ||
| 005 | 20181213154934.0 | ||
| 008 | 161104b tu 000 0 | ||
| 020 | _a9751929156 | ||
| 040 |
_aMilas _btur _cTR-AnCHP |
||
| 041 | _atur | ||
| 082 |
_a338.9338 _bB67 2001 |
||
| 090 | _a338.9338 B67 2001 | ||
| 245 |
_aBitkisel üretim özel ihtisas komisyonu raporu _bMeyvecilik alt komisyon raporu _cDevlet Planlama Teşkilatı |
||
| 246 | _aMeyvecilik alt komisyon raporu | ||
| 246 | _aBitkisel üretim | ||
| 260 |
_aAnkara _bDPT _c2001 |
||
| 300 |
_a751 s. _btbl. _c27 sm. |
||
| 440 |
_aDPT _v2649 |
||
| 490 |
_aÖİK _v657 |
||
| 610 | _aDevlet Planlama Teşkilatı (DPT) | ||
| 650 |
_aMeyvecilik _xKalkınma planı, 2001 _yRaporlar |
||
| 651 |
_aTürkiye _xBeş yıllık kalkınma planları |
||
| 710 | _aDevlet Planlama Teşkilatı (DPT) | ||
| 740 | _aMeyvecilik alt komisyon raporu | ||
| 740 | _aBitkisel üretim | ||
| 830 | _aDevlet Planlama Teşkilatı Yayınları | ||
| 942 |
_2ddc _cBKS |
||
| 999 |
_c3505 _d3505 |
||